المجتمع العصرى ووسائل الاتصال بالجماهير / (Record no. 46968)
[ view plain ]
| 000 -الفاتح | |
|---|---|
| حقل البيانات ثابتة الطول | 00625nam a2200193Ia 4500 |
| 008 - عناصر البيانات ثابتة الطول - معلومات عامة | |
| حقل البيانات ثابتة الطول | 140319s9999 xx 000 0 ara d |
| 040 ## - مصدر الفهرسة | |
| وكالة الفهرسة الأصلية | GCL / |
| وكالة النسخ | GCL |
| 082 04 - رقم تصنيف ديوى العشرى | |
| رقم التصنيف | 301.16 |
| رقم المادة | ب م |
| 100 1# - المدخل الرئيسى - إسم شخصى | |
| الإسم الشخصى | بيتر، ثيودور |
| 245 10 - بيان العنوان | |
| العنوان | المجتمع العصرى ووسائل الاتصال بالجماهير / |
| بيان المسئوليه,etc | بيتر، ثيودور |
| 700 1# - المدخل الاضافى - اسم شخصى | |
| الإسم الشخصى | جنسين، جانى |
| 700 1# - المدخل الاضافى - اسم شخصى | |
| الإسم الشخصى | ريفرز، وليم |
| 490 ## - بيان السلسلة | |
| عنوان السلسلة | كتب ملخصة |
| رقم المجلد/ التعيين التسلسلي | 0 |
| 650 04 - المدخل الاضافى بالموضوع-مصطلح موضوعى | |
| مصطلح موضوعي | وسائل الاعلام |
| 650 04 - المدخل الاضافى بالموضوع-مصطلح موضوعى | |
| مصطلح موضوعي | الاتصال - علم اجتماع |
| 650 04 - المدخل الاضافى بالموضوع-مصطلح موضوعى | |
| مصطلح موضوعي | المجتمعات المفتوحة |
| 942 ## - عناصر المدخل الإضافي( كوها) | |
| مصدر التصنيف او مخطط الترفيف | Dewey Decimal Classification |
| Koha [default] item type | كتاب |
| حالة التراجع | حالة الفقد | حالة تلف | ليس للاعارة | المكان المؤقت | الموقع الحالى | تاريخ الاكتساب | اجمالي اﻻعارات | رقم الطلب | الباركود | تاريخ اخر مشاهدة | تاريخ تفعيل السعر | نوع وعاء كوها |
|---|---|---|---|---|---|---|---|---|---|---|---|---|
| مكتبة القاهرة الكبرى | مكتبة القاهرة الكبرى | 03/26/2014 | 301.16\ب م | 114008 | 03/26/2014 | 03/26/2014 | كتاب |

